All KRF1-Champions - Statistics

General Stats
  • This quiz has been taken 21 times
  • The average score is 21 of 35
Answer Stats
Driver Country Season/Divison % Correct
Dutymarv Germany Liga B12
82%
Grete Spain Prime S1
82%
Grete Spain Prime S2
82%
Grete Spain Prime S3
82%
Grete Spain Liga A4
82%
Grete Spain Liga A7
82%
Scheber Liechtenstein Liga B10
82%
Bob de Bre Netherlands Liga C7
73%
mx_Max Germany Liga A10
73%
nLife South Korea Liga C3
73%
Slender Germany Liga A8
73%
Speeder Germany Liga A13
73%
Steppi France Liga A5
73%
Max Damage Germany Liga A1
64%
Max Damage Germany Liga A3
64%
Moritz2505 Germany Liga A11
64%
Vengeful Austria Liga C5
64%
Yawi Switzerland Liga A2
64%
Apfelkuchen Italy Liga C4
55%
Apfelkuchen Italy Liga C6
55%
Enthony Italy Liga A9
55%
Hybrit Germany Liga B4
55%
Leandros Greece Liga B8
55%
Mr. Sicko & Bamba Germany Liga B11
55%
Br0wN Germany Liga B5
45%
Lucaa Switzerland Liga B3
45%
Lucaa Switzerland Liga C1
45%
lvll1ght Germany Liga B9
45%
Radegast Germany Liga C2
45%
Sicco Germany Liga B2
45%
TimF1 Switzerland Liga A6
45%
McLLL Germany Liga B6
36%
WilmaR3ih3ern Netherlands Liga A12
36%
CheerS Germany Liga B7
27%
YellowBoard Germany Liga B1
27%
No matching quizzes found
Score Distribution
Percent of People with Each Score
Percentile by Number Answered
Your Score History
You have not taken this quiz